banner-ar

المرجع فى الاساليب والاختبارات الاسقاطية ودورها فى فهم ديناميات السلوك البشرى / (Record no. 65765)

MARC details
000 -الفاتح
حقل البيانات ثابتة الطول 01205nam a22002777a 4500
005 - وقت وتاريخ اخر تعامل مع التسجيلة
رقم الضبط 20240530110842.0
008 - عناصر البيانات ثابتة الطول - معلومات عامة
حقل البيانات ثابتة الطول 200914s2020 ua ac g 000 0 ara d
017 ## - رقم الايداع القانونى
رقم الايداع القانونى 2019/16386
المصدر ( الهيئة المختصة) مصر. دار الكتب
020 ## - الرقم الدولى المعيارى للكتب
الرقم الدولى المعيارى للكتاب 9789770532737
040 ## - مصدر الفهرسة
وكالة الفهرسة الأصلية EG-CaGPL
وكالة النسخ EG-CaGPL
082 04 - رقم تصنيف ديوى العشرى
رقم الطبعة 21
رقم التصنيف 155.232/
رقم المادة م م
245 02 - بيان العنوان
العنوان المرجع فى الاساليب والاختبارات الاسقاطية ودورها فى فهم ديناميات السلوك البشرى /
بيان المسئوليه,etc ترجمة وتقديم محمد احمد محمود خطاب ؛ تحرير Harold Anderson , Gladys L.Anderson
250 ## - بيان الطبعة
بيان الطبعة ط.1
260 ## - PUBLICATION, DISTRIBUTION, ETC. (IMPRINT)
تاريخ النشر أو التوزيع 2020.
300 ## - الوصف المادى
التعداد 950 ص. :
تفاصيل ماديه اخرى للوعاء ايض. ؛
أبعاد الوعاء 24 سم.
650 07 - المدخل الاضافى بالموضوع-مصطلح موضوعى
مصدر الرأس أو المصطلح qrmak
مصطلح موضوعي الاختبارات الاسقاطية
650 07 - المدخل الاضافى بالموضوع-مصطلح موضوعى
مصدر الرأس أو المصطلح qrmak
مصطلح موضوعي التحليل النفسى
650 07 - المدخل الاضافى بالموضوع-مصطلح موضوعى
مصدر الرأس أو المصطلح qrmak
مصطلح موضوعي الاختبارات النفسية
650 07 - المدخل الاضافى بالموضوع-مصطلح موضوعى
مصدر الرأس أو المصطلح qrmak
مصطلح موضوعي علم النفس
651 ## - المدخل الاضافى بالموضوع - اسم جغرافى
مصدر الرأس أو المصطلح qrmak
700 0# - المدخل الاضافى - اسم شخصى
الإسم الشخصى محمد احمد محمود خطاب
الدور مترجم ومقدم
700 1# - المدخل الاضافى - اسم شخصى
الإسم الشخصى Anderson، Harold
الدور محرر
700 1# - المدخل الاضافى - اسم شخصى
الإسم الشخصى Anderson، Gladys L.
الدور محرر
942 ## - عناصر المدخل الإضافي( كوها)
مصدر التصنيف او مخطط الترفيف Dewey Decimal Classification
Koha [default] item type كتاب
260 ## - PUBLICATION, DISTRIBUTION, ETC. (IMPRINT)
-- القاهرة :
-- مكتبة الانجلو المصرية ،
Holdings
حالة التراجع حالة الفقد حالة تلف ليس للاعارة المكان المؤقت الموقع الحالى موقع الترفيف تاريخ الاكتساب اجمالي اﻻعارات رقم الطلب الباركود تاريخ اخر مشاهدة تاريخ تفعيل السعر نوع وعاء كوها
        مكتبة القاهرة الكبرى مكتبة القاهرة الكبرى القاعة الرئيسية 09/14/2020   155.232/ م م 166886 09/14/2020 09/14/2020 كتاب

Powered By

EGPV